| 000 | 00849cam a22002535a 4500 | ||
|---|---|---|---|
| 001 | 19142539 | ||
| 005 | 20170319140720.0 | ||
| 008 | 160618t2016 ua a frb 001 0 eng d | ||
| 010 | _a 2016427071 | ||
| 020 | _a9789774167294 | ||
| 040 |
_aDLC _beng _cDLC _dDLC _dEG-ScBUE |
||
| 043 |
_aa-ye--- _af-ft--- _af-et--- |
||
| 082 | 0 | 4 |
_a305.8927533063 _bBEZ _222 |
| 100 | 1 | _aBezabeh, Samson A. | |
| 245 | 1 | 0 |
_aSubjects of empires, citizens of states : _bYemenis in Djibouti and Ethiopia / _cSamson A. Bezabeh. |
| 260 |
_aCairo ; _aNew York : _bThe American University in Cairo Press, _cc.2016. |
||
| 300 |
_axxiv, 252 p. : _bill. ; _c24 cm. |
||
| 504 | _aIncludes bibliographical references and index. | ||
| 650 | _2BUEsh | ||
| 651 | 7 |
_aEthiopia _xYemenis. _2BUEsh |
|
| 651 | 7 |
_aDjibouti _xYemenis. _2BUEsh |
|
| 653 |
_bBUSBOL _cMarch2017 |
||
| 942 | _2ddc | ||
| 999 |
_c24473 _d24445 |
||